[Event "Flint (Beg/4)"]
[Site "?"]
[Date "1993.??.??"]
[Round "?"]
[White "Anderson, JE."]
[Black "Choate, Eric"]
[Result "1-0"]
[WhiteElo "1605"]
[BlackElo "1605"]
[PlyCount "71"]
[EventDate "1993.??.??"]

1. d4 e6 2. e4 Bb4+ 3. c3 Bd6 4. Nf3 e5 5. dxe5 Bc5 6. Be3 Bf8 7. Bc4 Nc6 8.
O-O d6 9. Bf4 f6 10. e6 Nh6 11. Bxh6 gxh6 12. Nh4 Rg8 13. e7 Nxe7 14. Bxg8 Nxg8
15. Qh5+ Ke7 16. Nf5+ Bxf5 17. exf5 Kd7 18. Qf7+ Ne7 19. Qe6+ Ke8 20. Qxf6 Rc8
21. Re1 c5 22. c4 Rc7 23. Re6 a5 24. Rxd6 Qc8 25. g4 b5 26. b3 Qb7 27. Nc3 bxc4
28. bxc4 Nc6 29. Re1+ Be7 30. Qh8+ Kf7 31. Qxh7+ Kf8 32. Qxh6+ Kf7 33. Qg6+ Kf8
34. f6 Nb4 35. Qg7+ Ke8 36. f7# 1-0

[Event "East Lansing (MI Op/3/24)"]
[Site "?"]
[Date "1993.??.??"]
[Round "?"]
[White "Anderson, JA."]
[Black "Levine, H."]
[Result "1/2-1/2"]
[WhiteElo "1835"]
[BlackElo "1965"]
[PlyCount "66"]
[EventDate "1993.??.??"]

{3/(24)} 1. e4 c5 2. Nf3 Nc6 3. d4 cxd4 4. Nxd4 g6 5. c4 Bg7 6. Be3 Nf6 7. Nc3
Ng4 8. Qxg4 Nxd4 9. Qd1 Ne6 10. Qc2 d6 11. Be2 Bd7 12. O-O O-O 13. Rfd1 Nc5 14.
f3 a5 15. b3 f5 16. Rac1 Qe8 17. Nd5 Rc8 18. Nb6 Rc6 19. Nxd7 Nxd7 20. exf5
gxf5 21. Qd2 Qg6 22. f4 Nc5 23. Bxc5 dxc5 24. Bf3 Bd4+ 25. Kh1 Rd6 26. g3 b6
27. Qe2 e6 28. Re1 Kh8 29. Bg2 Qh6 30. Qf3 Qg7 31. Rcd1 Rfd8 32. Qe2 Qg6 33.
Bf3 Qg7 1/2-1/2

[Event "East Lansing (MI Op/7/23)"]
[Site "?"]
[Date "1993.??.??"]
[Round "?"]
[White "Anderson, JA."]
[Black "Levadi, David"]
[Result "1-0"]
[WhiteElo "1835"]
[BlackElo "1940"]
[PlyCount "61"]
[EventDate "1993.??.??"]

{7/(23)} 1. e4 Nc6 2. d4 e5 3. c3 Nf6 4. d5 Ne7 5. Bd3 b6 6. Nf3 Ng6 7. Bd2 Bd6
8. Qa4 O-O 9. Na3 c6 10. c4 Bb7 11. O-O h6 12. Nc2 b5 13. cxb5 cxd5 14. exd5
Nxd5 15. Bxg6 fxg6 16. Qb3 Kh7 17. Rad1 e4 18. Nfd4 Qh4 19. h3 Rae8 20. Be3 Rf6
21. Ne2 Nxe3 22. Nxe3 Qh5 23. Ng4 Rfe6 24. Ng3 Bxg3 25. Qxg3 Qxb5 26. b3 Qa5
27. Rxd7 Bc6 28. Rc7 h5 29. Ne3 Qxa2 30. Rc1 Qa6 31. Nf5 1-0

[Event "East Lansing (MI Op/6/31)"]
[Site "?"]
[Date "1993.??.??"]
[Round "?"]
[White "Anderson, JA."]
[Black "Kung, Fred"]
[Result "1-0"]
[WhiteElo "1835"]
[BlackElo "1815"]
[PlyCount "55"]
[EventDate "1993.??.??"]

{6/(31)} 1. e4 e6 2. d4 d5 3. e5 c5 4. c3 Nc6 5. Nf3 Qb6 6. a3 Bd7 7. Be2 Nge7
8. O-O cxd4 9. cxd4 Nf5 10. Kh1 a5 11. Nc3 Be7 12. Nb5 O-O 13. Bd3 g6 14. Bxf5
exf5 15. Nc3 Be6 16. Be3 Rac8 17. Qd2 f6 18. Rac1 Qd8 19. Rfe1 Qe8 20. Bh6 Rf7
21. exf6 Bxf6 22. Nxd5 Bxd5 23. Rxe8+ Rxe8 24. Ne5 Rc7 25. Nxc6 Bxc6 26. Qxa5
Bxg2+ 27. Kxg2 Rxc1 28. Bxc1 1-0

[Event "Lansing (MI Am/1)"]
[Site "?"]
[Date "1993.??.??"]
[Round "?"]
[White "Anderson, Gale"]
[Black "Rosebrook, G."]
[Result "1-0"]
[WhiteElo "1810"]
[BlackElo "1605"]
[PlyCount "131"]
[EventDate "1993.??.??"]

1. c4 Nf6 2. Nc3 e6 3. g3 Bc5 4. d4 Bb4 5. Bg2 Bxc3+ 6. bxc3 c6 7. Bd2 d6 8.
Qc2 Nbd7 9. Nf3 h6 10. O-O O-O 11. Rfe1 Re8 12. e4 e5 13. Rad1 Qc7 14. h3 Nf8
15. Nh4 Bd7 16. Qc1 Kh7 17. Nf5 Bxf5 18. exf5 Re7 19. d5 Rae8 20. Re2 N8d7 21.
Qc2 Nc5 22. Rde1 Qb6 23. g4 e4 24. Be3 cxd5 25. cxd5 Nxd5 26. Bxc5 Qxc5 27.
Rxe4 Re5 28. Qb3 Nxc3 29. Rxe5 Rxe5 30. Rxe5 Qxe5 31. Qxf7 Qe1+ 32. Kh2 Qxf2
33. Qg6+ Kh8 34. Qxd6 Ne2 35. Qd1 Qf4+ 36. Kh1 Ng3+ 37. Kg1 b5 38. Qf3 Qe5 39.
Qa8+ Kh7 40. Kf2 Ne2 41. Be4 Ng3 42. Bf3 Qf4 43. Kg2 Qc7 44. Qc6 Qe5 45. Qe6
Qf4 46. Qg6+ Kh8 47. Qe8+ Kh7 48. Qg6+ Kh8 49. Qe8+ Kh7 50. Qxb5 Ne4 51. Qe2
Qg3+ 52. Kf1 Qxh3+ 53. Qg2 Qxf3+ 54. Qxf3 Nd2+ 55. Ke2 Nxf3 56. Kxf3 Kg8 57.
Ke4 Kf7 58. a4 Ke7 59. Ke5 Kd7 60. a5 Ke7 61. a6 Kd7 62. Kd5 Kc7 63. Ke6 Kc6
64. Kf7 Kd5 65. Kxg7 Ke5 66. f6 1-0

[Event "Lansing (MI Am/5)"]
[Site "?"]
[Date "1993.??.??"]
[Round "?"]
[White "Anderson, Gale"]
[Black "Nixon, Peter"]
[Result "1-0"]
[WhiteElo "1810"]
[BlackElo "1605"]
[PlyCount "53"]
[EventDate "1993.??.??"]

1. d4 d5 2. Nf3 Nf6 3. h3 c5 4. e3 cxd4 5. Qxd4 Nc6 6. Bb5 Bd7 7. Qd2 Ne4 8.
Qxd5 Qa5+ 9. Bd2 Nxd2 10. Nbxd2 Rd8 11. Bxc6 Qxd5 12. Bxd5 Bf5 13. e4 Bc8 14.
O-O e6 15. Bc4 Bb4 16. c3 Bc5 17. Nb3 Be7 18. Rad1 O-O 19. Rd2 Rxd2 20. Nfxd2
Rd8 21. Nf3 b6 22. Re1 Bb7 23. Nbd4 Bc5 24. Bb3 Kf8 25. Bc2 Bxd4 26. cxd4 Rc8
27. Bb3 1-0

[Event "Lansing (MI Am/3)"]
[Site "?"]
[Date "1993.??.??"]
[Round "?"]
[White "Anderson, Gale"]
[Black "Alliston, Richard"]
[Result "0-1"]
[WhiteElo "1810"]
[BlackElo "1605"]
[PlyCount "72"]
[EventDate "1993.??.??"]

1. c4 e5 2. Nc3 Nf6 3. a3 Nc6 4. e3 d6 5. Nge2 Be7 6. b3 Be6 7. Bb2 O-O 8. d4
exd4 9. Nxd4 Bd7 10. Be2 Ne5 11. h3 a6 12. Qc2 g6 13. Rd1 Nh5 14. Nd5 Bg5 15.
Bxh5 gxh5 16. Qe2 c6 17. Nc3 Be7 18. Qxh5 Qb6 19. Na4 Qa5+ 20. Bc3 Nd3+ 21.
Rxd3 Qxh5 22. e4 Bh4 23. Nb6 Rad8 24. Nxd7 Rxd7 25. Nf5 f6 26. O-O Qe2 27. Re3
Qh5 28. Rfe1 Kf7 29. Rf3 Rg8 30. Nxh4 Qxh4 31. Bxf6 Qh5 32. Ree3 Ke6 33. e5 d5
34. g4 d4 35. Rd3 Qg6 36. Rf5 Qxf5 0-1

[Event "Flint (Class C/5)"]
[Site "?"]
[Date "1993.??.??"]
[Round "?"]
[White "Anderson, D."]
[Black "Williams, Claude"]
[Result "0-1"]
[WhiteElo "1605"]
[BlackElo "1605"]
[PlyCount "28"]
[EventDate "1993.??.??"]

1. e4 c5 2. Nf3 Nc6 3. d4 cxd4 4. Nxd4 g6 5. Nc3 Bg7 6. Be3 Nf6 7. f3 Qb6 8.
Rb1 e5 9. Na4 Qa5+ 10. c3 exd4 11. Bxd4 Nxd4 12. Qxd4 O-O 13. Ra1 Re8 14. Qd1
d5 0-1

[Event "East Lansing (MOR/7/27)"]
[Site "?"]
[Date "1993.??.??"]
[Round "?"]
[White "Anderson, D."]
[Black "Rodriguez, Juan"]
[Result "0-1"]
[WhiteElo "1605"]
[BlackElo "1605"]
[PlyCount "120"]
[EventDate "1993.??.??"]

{7/(27)} 1. e4 e6 2. d4 d5 3. Nd2 Nf6 4. e5 Nfd7 5. Bd3 c5 6. Ne2 cxd4 7. Nxd4
Nxe5 8. Be2 Nbc6 9. N4b3 Bd6 10. O-O O-O 11. Nf3 Nxf3+ 12. Bxf3 Bd7 13. Re1 Rc8
14. c3 Ne5 15. Be2 Ng6 16. Nd4 Re8 17. Nf3 Qc7 18. Bd3 Bc6 19. g3 e5 20. Bf1 e4
21. Nd4 Ne5 22. Bd2 Bc5 23. Bg2 Bxd4 24. cxd4 Nd3 25. Re2 Nxb2 26. Bf4 Nxd1 27.
Bxc7 Nxf2 28. Rxf2 Rxc7 29. Bh3 Rce7 30. Re2 g6 31. Re3 f5 32. Bf1 g5 33. Be2
f4 34. gxf4 gxf4 35. Rh3 Rg7+ 36. Kf2 Bd7 37. Rh4 f3 38. Bf1 Rc8 39. Rh5 Rc2+
40. Ke3 Bc6 41. Rh6 Rg1 42. Rd6 Rxh2 43. Rd8+ Kg7 44. Rc1 Rhh1 45. Rxc6 bxc6
46. Rd7+ Kf6 47. Rd6+ Ke7 48. Rxc6 Rxf1 49. Rc7+ Kd6 50. Rf7 Ra1 51. Kf4 f2 52.
Rf6+ Ke7 53. Ke5 f1=Q 54. Rxf1 Raxf1 55. Kxd5 Rh5+ 56. Kc4 Rc1+ 57. Kb3 Rh3+
58. Kb4 Kd6 59. Kb5 Kd5 60. Kb4 Rb1+ 0-1

[Event "East Lansing (MOR/3/23)"]
[Site "?"]
[Date "1993.??.??"]
[Round "?"]
[White "Anderson, D."]
[Black "Nicolli, Randy"]
[Result "0-1"]
[WhiteElo "1605"]
[BlackElo "1695"]
[PlyCount "86"]
[EventDate "1993.??.??"]

{3/(23)} 1. e4 e5 2. Nf3 Nc6 3. Bb5 a6 4. Bxc6 dxc6 5. O-O Bd6 6. d4 f6 7. dxe5
fxe5 8. Nbd2 Nf6 9. Qe2 O-O 10. Nc4 Bg4 11. h3 Bxf3 12. Qxf3 Nd7 13. Qb3 Nc5
14. Qe3 Qe7 15. Bd2 Ne6 16. Nxd6 cxd6 17. a3 Rf6 18. c3 Raf8 19. Qe2 Nf4 20.
Bxf4 Rxf4 21. Rad1 Qe6 22. Rd3 d5 23. exd5 cxd5 24. f3 e4 25. Rdd1 Qb6+ 26. Rd4
exf3 27. Rxf3 Rxd4 28. cxd4 Qxd4+ 29. Kh2 Rxf3 30. Qxf3 Qe5+ 31. Kh1 h6 32. Qc3
Qxc3 33. bxc3 Kf7 34. Kg1 Ke6 35. Kf2 Kd6 36. Ke2 Kc5 37. a4 b5 38. axb5 Kxb5
39. Kd2 Kc4 40. Kc2 a5 41. Kb2 a4 42. g3 a3+ 43. Kc2 h5 0-1

[Event "East Lansing (MOR/1b/1)"]
[Site "?"]
[Date "1993.??.??"]
[Round "?"]
[White "Anderson, D."]
[Black "Morabito, Matthew"]
[Result "0-1"]
[WhiteElo "1605"]
[BlackElo "1785"]
[PlyCount "96"]
[EventDate "1993.??.??"]

1. e4 c5 2. Nf3 Nc6 3. d4 cxd4 4. Nxd4 e5 5. Nf3 Nf6 6. Nc3 Bb4 7. Bd3 d5 8.
Bg5 d4 9. a3 Ba5 10. b4 Nxb4 11. axb4 Bxb4 12. O-O Bxc3 13. Rb1 Qc7 14. Nh4 Bd7
15. h3 a6 16. f4 Be6 17. Qf3 Nd7 18. Nf5 Bxf5 19. exf5 Rb8 20. Qe4 f6 21. Bh4
Nc5 22. Qd5 Rd8 23. Qf3 O-O 24. Bc4+ Kh8 25. Be1 e4 26. Qg3 Bxe1 27. Rbxe1 b5
28. Be2 d3 29. cxd3 exd3 30. Bh5 d2 31. Ra1 Rd3 32. Qf2 Rfd8 33. Qe2 Qd6 34.
Rad1 Qd4+ 35. Kh2 Ne4 36. Rf3 Rxf3 37. Qxf3 Nc3 38. Qf1 Nxd1 39. Bxd1 Qe3 40.
h4 Rd3 41. h5 h6 42. Bc2 d1=Q 43. Bxd1 Rd4 44. g3 Qd2+ 45. Be2 Re4 46. Kh3 Rxe2
47. Qf3 Rh2+ 48. Kg4 Qe2 0-1

[Event "East Lansing (MOR/5/24)"]
[Site "?"]
[Date "1993.??.??"]
[Round "?"]
[White "Anderson, D."]
[Black "Falkowski, Kenneth"]
[Result "0-1"]
[WhiteElo "1605"]
[BlackElo "1700"]
[PlyCount "60"]
[EventDate "1993.??.??"]

{5/(24)} 1. e4 d6 2. d4 c6 3. Nc3 Nf6 4. Be2 Nbd7 5. Nf3 Nb6 6. O-O Bg4 7. h3
Bh5 8. Nh4 Bg6 9. Bd3 e5 10. Nf3 Qc7 11. dxe5 dxe5 12. Be3 Nbd7 13. a3 Be7 14.
Qe1 O-O 15. Nh4 b6 16. Nxg6 hxg6 17. f4 exf4 18. Bxf4 Bd6 19. Qg3 Bxf4 20. Rxf4
Nh5 21. Qe3 Qxf4 22. Qd4 Rad8 23. Rf1 Qe5 24. Qa4 Qc7 25. Bc4 b5 26. Bxf7+ Rxf7
27. Qb3 Ne5 28. Rxf7 Qxf7 29. Qb4 Rd2 30. Qc5 Qf4 0-1

[Event "Flint (Class C/1)"]
[Site "?"]
[Date "1993.??.??"]
[Round "?"]
[White "Anderson, D."]
[Black "Bloch, Hermann"]
[Result "0-1"]
[WhiteElo "1605"]
[BlackElo "1605"]
[PlyCount "82"]
[EventDate "1993.??.??"]

1. e4 e5 2. Nf3 Nc6 3. Bb5 a6 4. Bxc6 dxc6 5. O-O Bd6 6. Nc3 Be6 7. d3 h6 8. a3
Ne7 9. h3 Qd7 10. Nh2 h5 11. f4 exf4 12. Bxf4 Bxf4 13. Rxf4 Ng6 14. Rf2 Qd4 15.
Qd2 O-O-O 16. Nf3 Qd6 17. b4 Qg3 18. Ne2 Qd6 19. Rd1 Ne5 20. Qe3 Kb8 21. Nxe5
Qxe5 22. d4 Qb5 23. Nc3 Qb6 24. Na4 Qb5 25. Nc5 Qc4 26. Rfd2 Rh6 27. Qg5 Rg8
28. Qe3 g5 29. d5 Bc8 30. d6 cxd6 31. Rxd6 Rxd6 32. Rxd6 Qxc2 33. Rf6 Rg7 34.
Qg3+ Ka8 35. Qc7 Rg8 36. Rxf7 Qd1+ 37. Kh2 Qd8 38. Qe5 g4 39. Qxh5 gxh3 40. Rf2
hxg2 41. Rxg2 Rh8 0-1

[Event "Flint (Class C/3)"]
[Site "?"]
[Date "1993.??.??"]
[Round "?"]
[White "Anderson, D."]
[Black "Belill, Mike"]
[Result "0-1"]
[WhiteElo "1605"]
[BlackElo "1605"]
[PlyCount "132"]
[EventDate "1993.??.??"]

1. e4 c5 2. Nf3 d6 3. d4 cxd4 4. Nxd4 Nf6 5. Nc3 a6 6. Bc4 e6 7. O-O Be7 8. Be3
Nbd7 9. f4 Nb6 10. Bb3 Qc7 11. Qf3 O-O 12. g4 Nc4 13. Bc1 b5 14. g5 Nd7 15. Qh5
Bb7 16. Rf3 Rfc8 17. Rh3 Nf8 18. Qe2 b4 19. Na4 d5 20. e5 Bc6 21. Nxc6 Qxc6 22.
c3 a5 23. Bc2 g6 24. Rg3 Nd7 25. Kf1 Rc7 26. h4 Rac8 27. Be3 Nxe3+ 28. Rxe3 Nc5
29. Nxc5 Bxc5 30. Rd3 Bb6 31. Rc1 d4 32. Ke1 Qh1+ 33. Kd2 bxc3+ 34. bxc3 dxc3+
35. Rxc3 Qxh4 36. Rxc7 Qxf4+ 37. Kd1 Rxc7 38. Rb1 Rd7+ 39. Bd3 Bd4 40. Rb3 Bxe5
41. Rb5 Bc3 42. Rb3 Bd4 43. Bb5 Rc7 44. Rb1 Qxg5 45. Bc4 Qe3 46. Qxe3 Bxe3 47.
Bb3 h5 48. Ke2 Bh6 49. Rd1 Rc5 50. Rd3 Kg7 51. Kf3 Kh7 52. Rd7 Rf5+ 53. Ke2 Bg7
54. Ke3 Kh6 55. Bc2 Re5+ 56. Kf4 g5+ 57. Kf3 f5 58. Bb3 g4+ 59. Kf4 Re4+ 60.
Kg3 f4+ 61. Kg2 f3+ 62. Kf1 g3 63. Rf7 g2+ 64. Kg1 Bd4+ 65. Kh2 g1=Q+ 66. Kh3
Qg2# 0-1

[Event "Lansing (MI Am/2)"]
[Site "?"]
[Date "1993.??.??"]
[Round "?"]
[White "Alliston, Richard"]
[Black "Wisckol, Richard"]
[Result "1/2-1/2"]
[WhiteElo "1605"]
[BlackElo "1850"]
[PlyCount "72"]
[EventDate "1993.??.??"]

1. e4 c5 2. Bc4 d6 3. Nf3 Nf6 4. Nc3 a6 5. a4 g6 6. d3 Bg7 7. Bd2 O-O 8. O-O
Nc6 9. h3 e6 10. Rb1 d5 11. exd5 exd5 12. Bb3 h6 13. Qc1 Kh7 14. Re1 Be6 15.
Ne2 c4 16. dxc4 dxc4 17. Ba2 b5 18. b3 Ne4 19. bxc4 Bxc4 20. Bxc4 bxc4 21. Nf4
Nxd2 22. Qxd2 Rb8 23. Qd5 Qxd5 24. Nxd5 Rfd8 25. Rb6 Rxb6 26. Nxb6 c3 27. Rb1
Rb8 28. Rb3 Nd4 29. Nxd4 Bxd4 30. a5 g5 31. Kf1 Kg6 32. f3 f5 33. Ke2 f4 34.
Kd3 Bg7 35. Nd5 Rd8 36. Kc4 Rc8+ 1/2-1/2

[Event "Troy (TCC/C/5/4)"]
[Site "?"]
[Date "1993.??.??"]
[Round "?"]
[White "Alliston, Richard"]
[Black "Watson, Terry"]
[Result "0-1"]
[WhiteElo "1605"]
[BlackElo "1605"]
[PlyCount "90"]
[EventDate "1993.??.??"]

{5/(4)} 1. g3 e5 2. Bg2 Nf6 3. e4 g6 4. Ne2 Bg7 5. O-O O-O 6. d4 d6 7. d5 Nbd7
8. Be3 Re8 9. a3 Nf8 10. c4 Nh5 11. Nbc3 f5 12. Rc1 Nf6 13. Qd2 h5 14. Bg5 N8h7
15. Rfe1 Nxg5 16. Qxg5 Kh7 17. Qd2 h4 18. f4 hxg3 19. hxg3 Bh6 20. Bf3 Nh5 21.
Kf2 exf4 22. Nxf4 Nxf4 23. Rh1 Nh5 24. Qd1 Bxc1 25. Bxh5 Bh6 26. Bxg6+ Kg7 27.
Bxe8 Qxe8 28. Qd4+ Qe5 29. Qxe5+ dxe5 30. Nb5 fxe4 31. Nxc7 e3+ 32. Ke1 Rb8 33.
Ne8+ Kg6 34. Rf1 Bf5 35. Nd6 Rf8 36. Nxf5 Rxf5 37. Rxf5 Kxf5 38. Ke2 Ke4 39. b3
Kd4 40. d6 Bg5 41. d7 e4 42. g4 Kc3 43. d8=Q Bxd8 44. Kxe3 Kxb3 45. Kxe4 Kxc4
0-1

[Event "Flint (Class B/2)"]
[Site "?"]
[Date "1993.??.??"]
[Round "?"]
[White "Alliston, Richard"]
[Black "Stockman, David"]
[Result "0-1"]
[WhiteElo "1650"]
[BlackElo "1675"]
[PlyCount "54"]
[EventDate "1993.??.??"]

1. d4 Nf6 2. c4 c5 3. Nc3 cxd4 4. Qxd4 Nc6 5. Qd1 g6 6. Nf3 Bg7 7. e4 O-O 8.
Be2 d6 9. h3 Bd7 10. a3 Rc8 11. Qc2 Na5 12. b3 a6 13. Rb1 b5 14. Nd2 bxc4 15.
Nxc4 Be6 16. Nxa5 Qxa5 17. b4 Qc7 18. Bb2 Nxe4 19. Rc1 Bxc3+ 20. Bxc3 Qxc3+ 21.
Qxc3 Rxc3 22. Rxc3 Nxc3 23. Bxa6 Ra8 24. b5 Bc4 25. a4 Nxa4 26. Kd2 Nc5 27. Rb1
Nxa6 0-1

[Event "Lansing (MI Am/5)"]
[Site "?"]
[Date "1993.??.??"]
[Round "?"]
[White "Alliston, Richard"]
[Black "Smith, Ed"]
[Result "0-1"]
[WhiteElo "1605"]
[BlackElo "1870"]
[PlyCount "92"]
[EventDate "1993.??.??"]

1. d4 f5 2. c4 g6 3. Nc3 Bg7 4. Nf3 Nf6 5. e3 O-O 6. Bd3 d6 7. Qc2 Na6 8. a3 c5
9. O-O cxd4 10. exd4 Nc7 11. Re1 Re8 12. Bg5 h6 13. Bf4 Nh5 14. Be3 e5 15. dxe5
dxe5 16. Rad1 Qe7 17. Nd5 Nxd5 18. cxd5 e4 19. Bc4 Qd6 20. Nd4 Bd7 21. Ne6 Rac8
22. b4 b6 23. Qb3 g5 24. b5 Kh7 25. Bd2 Nf4 26. Bb4 Qe5 27. Nxg7 Qxg7 28. d6
Ng6 29. Rc1 Ne5 30. Be2 Be6 31. Qb2 Nf3+ 32. gxf3 Qxb2 33. Rb1 Qf6 34. fxe4
fxe4 35. Bh5 Rf8 36. Re2 Bh3 37. d7 Bxd7 38. Bxf8 Rxf8 39. a4 Be8 40. Bg4 Bg6
41. Rc1 h5 42. Bc8 g4 43. Rc7+ Rf7 44. Rec2 Qd8 45. Rxf7+ Bxf7 46. Bf5+ Bg6 0-1

[Event "East Lansing (MOR/1a/1)"]
[Site "?"]
[Date "1993.??.??"]
[Round "?"]
[White "Alliston, Richard"]
[Black "Ruhlmann, Max"]
[Result "0-1"]
[WhiteElo "1605"]
[BlackElo "1795"]
[PlyCount "100"]
[EventDate "1993.??.??"]

1. e4 c5 2. Bc4 Nc6 3. Nf3 a6 4. a4 g6 5. Nc3 Bg7 6. O-O d6 7. Re1 Nf6 8. d3
O-O 9. Nd5 Nxd5 10. Bxd5 Qb6 11. c3 Bg4 12. h3 Bd7 13. Qc2 e6 14. Ba2 Ne7 15.
Bg5 Rfe8 16. Rab1 Qa5 17. Bb3 Rab8 18. Bf4 e5 19. Be3 b5 20. axb5 Qxb5 21. Bc4
Qb7 22. Ng5 Rf8 23. b4 cxb4 24. Rxb4 Bb5 25. Reb1 Nc6 26. R4b2 Qd7 27. Bd5 Ne7
28. Bxf7+ Rxf7 29. c4 Rc8 30. Nxf7 Kxf7 31. Qe2 Bc6 32. h4 a5 33. h5 a4 34. h6
Bf8 35. Qf3+ Ke8 36. g4 Ng8 37. g5 Qf7 38. Kg2 Qxf3+ 39. Kxf3 Be7 40. Kg4 Bd8
41. Bb6 a3 42. Rb4 a2 43. Ra1 Rb8 44. c5 dxc5 45. Bxc5 Rxb4 46. Bxb4 Bd7+ 47.
Kh4 Be6 48. Bd6 Bb6 49. Bxe5 Bxf2+ 50. Bg3 Bd4 0-1

[Event "East Lansing (MOR/7/28)"]
[Site "?"]
[Date "1993.??.??"]
[Round "?"]
[White "Alliston, Richard"]
[Black "Phalen, Michael"]
[Result "1-0"]
[WhiteElo "1605"]
[BlackElo "1605"]
[PlyCount "67"]
[EventDate "1993.??.??"]

{7/(28)} 1. d4 d5 2. c4 Nf6 3. Nc3 Be6 4. c5 b6 5. cxb6 axb6 6. Nf3 c5 7. e3
Bg4 8. Be2 Nc6 9. a3 c4 10. O-O e6 11. Bd2 Bd6 12. Nb5 Ne4 13. h3 Bf5 14. Nh4
Ne7 15. Nxd6+ Qxd6 16. Bb4 Qd7 17. Nxf5 Nxf5 18. Rc1 b5 19. Qe1 h5 20. Bd1 Qc7
21. Bc2 g5 22. Bxe4 dxe4 23. f4 f6 24. b3 e5 25. fxe5 Nxd4 26. exd4 fxe5 27.
Qxe4 O-O-O 28. dxe5 g4 29. h4 Qa7+ 30. Kh1 Rhf8 31. Rxf8 Rxf8 32. Bxf8 Qf7 33.
Qc6+ Kd8 34. Rd1+ 1-0

[Event "East Lansing (MOR/5/12)"]
[Site "?"]
[Date "1993.??.??"]
[Round "?"]
[White "Alliston, Richard"]
[Black "Lewis, C."]
[Result "0-1"]
[WhiteElo "1605"]
[BlackElo "1665"]
[PlyCount "106"]
[EventDate "1993.??.??"]

{5/(12)} 1. e4 e6 2. d4 d5 3. e5 c5 4. c3 cxd4 5. cxd4 Bb4+ 6. Bd2 Bxd2+ 7.
Nxd2 Ne7 8. Ngf3 Qb6 9. Nb3 Qb4+ 10. Qd2 Qxd2+ 11. Kxd2 O-O 12. Rc1 b6 13. Rc7
Ng6 14. Bd3 Na6 15. Bxa6 Bxa6 16. Rhc1 h6 17. Na1 Nf4 18. g3 Nd3 19. R1c3 Nxb2
20. Ne1 Nc4+ 21. Kc1 Rfc8 22. Rxc8+ Rxc8 23. Nac2 g6 24. Nd3 Kg7 25. h4 f6 26.
a4 g5 27. exf6+ Kxf6 28. hxg5+ hxg5 29. Ndb4 Bb7 30. Rf3+ Kg6 31. Nd3 Kg7 32.
Kd1 Nd6 33. Ne5 Rf8 34. Rxf8 Kxf8 35. Nf3 Ne4 36. Ke1 Bc6 37. a5 bxa5 38. Ne5
Be8 39. Na3 a6 40. Nf3 Ke7 41. Nd2 Nxd2 42. Kxd2 Kd6 43. Ke3 e5 44. dxe5+ Kxe5
45. f4+ gxf4+ 46. gxf4+ Kd6 47. Nc2 Kc5 48. f5 Kc4 49. f6 Kb3 50. Nd4+ Kb2 51.
Nc6 a4 52. Kd4 a3 53. Nb4 a5 0-1

[Event "East Lansing (MOR/3/35)"]
[Site "?"]
[Date "1993.??.??"]
[Round "?"]
[White "Alliston, Richard"]
[Black "Kenworthy, Matt"]
[Result "1-0"]
[WhiteElo "1605"]
[BlackElo "1605"]
[PlyCount "119"]
[EventDate "1993.??.??"]

{3/(35)} 1. d4 d6 2. e4 Nc6 3. d5 Ne5 4. Nc3 Nf6 5. h3 e6 6. Bg5 Be7 7. Be2 h6
8. Bh4 exd5 9. exd5 Bf5 10. Nf3 Nfd7 11. Bg3 Bf6 12. Nd4 O-O 13. Nxf5 Re8 14.
O-O a6 15. Rb1 Nc5 16. Re1 Qd7 17. Bxe5 Bxe5 18. Bg4 Qd8 19. Nd4 Bxd4 20. Qxd4
Qg5 21. f4 Qh4 22. Qf2 Qf6 23. g3 b5 24. a3 Kf8 25. Rbd1 Rab8 26. Rxe8+ Kxe8
27. Qd4 Qe7 28. Kf2 Kf8 29. b4 Nb7 30. Qa7 Re8 31. Kf3 Nc5 32. Kg2 Qe3 33. Ne2
Qe4+ 34. Bf3 Qxc2 35. Rf1 Rxe2+ 36. Bxe2 Qxe2+ 37. Rf2 Qe4+ 38. Kh2 Qe3 39.
Qb8+ Ke7 40. Qxc7+ Ke8 41. Rg2 Ne4 42. Qc2 f5 43. Qc8+ Kf7 44. Qxf5+ Kg8 45.
Qc8+ Kh7 46. Qxa6 Qd3 47. Qc6 Qf1 48. Qc2 Qf3 49. Qe2 Qxa3 50. Qxe4+ Kg8 51.
Re2 Qa8 52. Qe8+ Qxe8 53. Rxe8+ Kf7 54. Re6 g5 55. f5 g4 56. hxg4 h5 57. gxh5
Kg7 58. Rxd6 Kf7 59. Re6 Kg7 60. d6 1-0

[Event "Flint (Class B/5)"]
[Site "?"]
[Date "1993.??.??"]
[Round "?"]
[White "Alliston, Richard"]
[Black "Griffin, John"]
[Result "0-1"]
[WhiteElo "1650"]
[BlackElo "1605"]
[PlyCount "82"]
[EventDate "1993.??.??"]

1. e4 c5 2. Bc4 e6 3. Nc3 Nc6 4. Nf3 a6 5. a4 g6 6. d3 Bg7 7. Bd2 Nge7 8. O-O
O-O 9. Bg5 h6 10. Be3 b6 11. Qd2 Kh7 12. Rab1 d6 13. Ne2 Ne5 14. Nxe5 dxe5 15.
c3 Rb8 16. Bb3 Ng8 17. f4 exf4 18. Bxf4 e5 19. Be3 Qe7 20. Rf2 Be6 21. Bc2 h5
22. d4 cxd4 23. cxd4 exd4 24. Nxd4 Rbd8 25. Bg5 Bf6 26. Bxf6 Nxf6 27. Rd1 Ng4
28. Rf3 Qd6 29. Rf4 Bc8 30. h3 Ne5 31. Qf2 Qc5 32. g4 hxg4 33. hxg4 Qe7 34. Kg2
Kg7 35. Rh1 Bxg4 36. Kf1 Rh8 37. Rxh8 Rxh8 38. Ke1 Rh1+ 39. Kd2 Qh4 40. Ke3
Re1+ 41. Qe2 Bxe2 0-1

[Event "Troy (TCC/C/2/5)"]
[Site "?"]
[Date "1993.??.??"]
[Round "?"]
[White "Alliston, Richard"]
[Black "Gladstone, R."]
[Result "1/2-1/2"]
[WhiteElo "1605"]
[BlackElo "1605"]
[PlyCount "104"]
[EventDate "1993.??.??"]

{2/(5)} 1. d4 Nf6 2. c4 e6 3. Nc3 Bb4 4. Bd2 c5 5. Nb5 Bxd2+ 6. Qxd2 cxd4 7.
Nd6+ Ke7 8. Nxc8+ Qxc8 9. Qxd4 Nc6 10. Qd1 Qc7 11. a3 Rhd8 12. Nf3 d5 13. e3
dxc4 14. Qc2 Qa5+ 15. Qc3 Qxc3+ 16. bxc3 b5 17. Be2 Ne4 18. Rc1 Rd6 19. O-O
Rad8 20. Nd4 Nxd4 21. exd4 Ra6 22. f3 Nd2 23. Rfd1 Nb3 24. Rc2 Rxa3 25. f4 Ra1
26. Rxa1 Nxa1 27. Ra2 Nb3 28. Rxa7+ Rd7 29. Ra2 Rd8 30. Ra7+ Rd7 31. Ra6 Rb7
32. Bf3 Rb8 33. Ra7+ Kf6 34. Kf2 Nc1 35. Ke3 Nd3 36. Be4 b4 37. g4 h6 38. h4 g5
39. fxg5+ hxg5 40. h5 bxc3 41. Bxd3 cxd3 42. Kxd3 Rc8 43. Kc2 Rc4 44. Rd7 e5
45. Rd6+ Ke7 46. dxe5 Rxg4 47. Kxc3 Ra4 48. h6 g4 49. Kd3 g3 50. Ke2 Re4+ 51.
Kf3 Rxe5 52. Kxg3 Ra5 1/2-1/2

[Event "Troy (TCC/C/4/2)"]
[Site "?"]
[Date "1993.??.??"]
[Round "?"]
[White "Alliston, Richard"]
[Black "Cunningham, J."]
[Result "0-1"]
[WhiteElo "1605"]
[BlackElo "1605"]
[PlyCount "58"]
[EventDate "1993.??.??"]

{4/(2)} 1. d4 d5 2. c4 e6 3. Nc3 Nf6 4. Nf3 Be7 5. e3 O-O 6. cxd5 exd5 7. Bd3
c5 8. b3 Bg4 9. O-O cxd4 10. exd4 Nc6 11. Be3 Qc7 12. Rc1 Bd6 13. g3 a6 14. Be2
Bh3 15. Re1 Bb4 16. Bf4 Qd7 17. Ne5 Nxe5 18. Bxe5 Ne4 19. Nxe4 dxe4 20. Rc7 Qf5
21. Rxb7 Bxe1 22. Qxe1 Rfe8 23. Qa5 e3 24. Qe1 Qe4 25. f3 Qxb7 26. g4 Rad8 27.
Qg3 Rc8 28. Qxh3 f6 29. Bc4+ Rxc4 0-1

[Event "Flint (Class DE/4)"]
[Site "?"]
[Date "1993.??.??"]
[Round "?"]
[White "Aldrich, Justin"]
[Black "Shoulders, C."]
[Result "1-0"]
[WhiteElo "1605"]
[BlackElo "1605"]
[PlyCount "53"]
[EventDate "1993.??.??"]

1. e4 e5 2. Nf3 Nc6 3. Bb5 a6 4. Bxc6 bxc6 5. Nxe5 Qf6 6. d4 d5 7. exd5 cxd5 8.
O-O Bd6 9. Ng4 Qg6 10. h3 Ne7 11. Re1 O-O 12. Ne5 Bxe5 13. Rxe5 Re8 14. Qe2 Qd6
15. Nc3 Bb7 16. Bd2 Kf8 17. Bg5 Ng6 18. Rxe8+ Rxe8 19. Qf3 c6 20. Kf1 a5 21.
Ne2 Ba6 22. Re1 Qb4 23. Kg1 Bxe2 24. Rxe2 Rxe2 25. Qxe2 Qxb2 26. Qa6 Qxd4 27.
Qc8# 1-0

[Event "Eastpointe (MI Action/6/24)"]
[Site "?"]
[Date "1993.??.??"]
[Round "?"]
[White "Aldrich, Justin"]
[Black "Ruderman, M."]
[Result "0-1"]
[WhiteElo "1605"]
[BlackElo "1605"]
[PlyCount "61"]
[EventDate "1993.??.??"]

{6/(24)} 1. e4 e5 2. Nf3 Nc6 3. Bb5 Nf6 4. Nc3 Nd4 5. Nxd4 exd4 6. Nd5 c6 7.
Nxf6+ Qxf6 8. Bc4 Bc5 9. d3 O-O 10. Bd2 Re8 11. c3 d5 12. Bb3 dxe4 13. dxe4 d3
14. f3 h5 15. Qb1 Rd8 16. Bc4 g5 17. Rf1 Re8 18. Bxd3 Bf5 19. h3 g4 20. hxg4
hxg4 21. fxg4 Qh4+ 22. Kd1 Bxg4+ 23. Kc1 f5 24. Bc4+ Kg7 25. Be1 Be3+ 26. Bd2
Bxd2+ 27. Kxd2 Rad8+ 28. Kc1 Qg5+ 29. Kc2 Qd2+ 30. Kb3 Re7 31. exf5 $138 0-1

[Event "Flint (Class DE/2)"]
[Site "?"]
[Date "1993.??.??"]
[Round "?"]
[White "Aldrich, Justin"]
[Black "Mannor, Keith"]
[Result "0-1"]
[WhiteElo "1605"]
[BlackElo "1605"]
[PlyCount "54"]
[EventDate "1993.??.??"]

1. e4 e5 2. Nf3 Nc6 3. Bb5 d6 4. d4 exd4 5. Nxd4 Bd7 6. O-O Ne5 7. Bf4 Bxb5 8.
Nxb5 a6 9. N5c3 Nc6 10. Qd5 Nf6 11. Qf5 Nd4 12. e5 Nxf5 13. exf6 Qxf6 14. Re1+
Kd7 15. Nd2 Nd4 16. Nd5 Qf5 17. c3 Nc2 18. Ne3 Qxf4 19. Nxc2 Qxd2 20. Nd4 g6
21. Nf3 Qf4 22. Rad1 Bg7 23. Rd5 Rae8 24. Rxe8 Rxe8 25. g3 Qxf3 26. h3 Re1+ 27.
Kh2 Qh1# 0-1